| 000 | 005300000a22001930004500 | ||
|---|---|---|---|
| 001 | 004555 | ||
| 003 | MACL | ||
| 005 | 20150830160351.0 | ||
| 008 | 150830b xxu||||| |||| 00| 0 eng d | ||
| 040 |
_aMACL _cMACL |
||
| 041 | _aEnglish | ||
| 082 | _a796.358/GUH | ||
| 100 |
_aGuha Ramachandra, _9607 |
||
| 245 |
_aThe States Of Indian Cricket _bAnecdotal Histories _cGuha Ramachandra |
||
| 260 |
_aNew Delhi _c2005 _bPermanent Black, |
||
| 350 | _a395 | ||
| 650 |
_aAthletic & Outdoor Sports & Games _97995 |
||
| 942 |
_k796 _cBK _2ddc |
||
| 999 |
_c16444 _d16444 |
||